Stefania / (Record no. 145012)
[ view plain ]
| 000 -LEADER | |
|---|---|
| campo de control de longitud fija | 00439nam a2200157 4500 |
| 001 - NÚMERO DE CONTROL | |
| campo de control | 145012 |
| 003 - IDENTIFICADOR DE NÚMERO DE CONTROL | |
| campo de control | ES-MaACL |
| 005 - FECHA Y HORA DE LA ÚLTIMA TRANSACCIÓN | |
| campo de control | 20230906201139.0 |
| 007 - CAMPO FIJO DE DESCRIPCIÓN FÍSICA--INFORMACIÓN GENERAL | |
| campo de control de longitud fija | t| |
| 008 - DATOS DE LONGITUD FIJA--INFORMACIÓN GENERAL | |
| campo de control de longitud fija | 070214s1959 sp r ||||1| spa d |
| 100 1# - ENTRADA PRINCIPAL--NOMBRE DE PERSONA | |
| Nombre de persona | Sosa Ayala, Natalia. |
| 9 (RLIN) | 107439 |
| 245 10 - MENCIÓN DEL TÍTULO | |
| Título | Stefania / |
| Mención de responsabilidad, etc. | Natalia Sosa Ayala. |
| 260 ## - PUBLICACIÓN, DISTRIBUCIÓN, ETC. | |
| Lugar de publicación, distribución, etc. | Las Palmas : |
| Nombre del editor, distribuidor, etc. | [s. n.], |
| Fecha de publicación, distribución, etc. | 1959 ( |
| Fabricante | Imp. Rexachs) |
| 300 ## - DESCRIPCIÓN FÍSICA | |
| Extensión | 141 p., 5 lám. ; |
| Dimensiones | 20 cm. |
| 852 ## - LOCALIZACIÓN | |
| Ubicación | ES-MaACL |
| Número de control de estantería | C-16648 |
| Sublocalización o colección | R.44922 |
| Estatus retirado | Estado de pérdida | Estado de daño | No para préstamo | Biblioteca de origen | Biblioteca actual | Ubicación en estantería | Fecha de adquisición | Fuente de adquisición | Total de préstamos | Signatura topográfica completa | Código de barras | Visto por última vez | Precio de reemplazo | Tipo de ítem Koha |
|---|---|---|---|---|---|---|---|---|---|---|---|---|---|---|
| Biblioteca del Ateneo de Madrid | Biblioteca del Ateneo de Madrid | Galería | 17/01/2008 | C-16648 | 1151374 | 23/02/2023 | 23/02/2023 | Libro impreso |
